Le voleur de Parcurs

שמור ב:
מידע ביבליוגרפי
מחבר ראשי: Harel, Simon
פורמט: ספר
שפה:Undetermined
יצא לאור: Quebec, Canadá Le Préambule 1989
נושאים:
תגים: הוספת תג
אין תגיות, היה/י הראשונ/ה לתייג את הרשומה!

MARC

LEADER 00000nam a2200000Ia 4500
008 170316s9999 xx 000 0 und d
090 |a 801 H-3v 
100 |a Harel, Simon 
245 |a Le voleur de Parcurs 
260 |a Quebec, Canadá 
260 |b Le Préambule 
260 |c 1989 
300 |a 309 páginas 
650 |a TEORÍA LITERARIA 
999 |c 20356  |d 20356 
040 |a cru BVZT 
942 |c 15 D  |h 801 H-3v  |2 z